Bella - maître Gims paroles - Statistiques

Statistiques générales
  • Ce quiz a été pris 464 fois
    439 depuis la dernière actualisation
  • Le résultat moyen est 374 sur 500
Statistiques - réponses
Réponse % Correct
Bella
100%
« Bella
100%
à
98%
elle
98%
Elle
98%
de
97%
la
97%
Là »
97%
là »
97%
le
97%
les
97%
Les
97%
nom
97%
gens
96%
au
95%
ne
95%
ou
94%
pas
94%
répondait
94%
me
89%
un
89%
du
88%
fille
88%
tous
88%
villages
88%
voulaient
88%
coin
86%
faisait
86%
ouh-ouh,
86%
disaient,
85%
trembler
84%
que
82%
chaise
81%
sur
81%
une
81%
laquelle
79%
n’était
79%
moins
78%
son
78%
beauté
77%
chemin
77%
humaine
77%
juste
77%
rien
77%
ça,
76%
phénomène,
76%
phénomène
76%
devenir
75%
j’aimerais
75%
je
75%
tout
75%
c’était
74%
pierre
74%
s’assoit
74%
d’cette
73%
mais
73%
qu’à
73%
sans
73%
« Méfie-toi
72%
«Méfie-toi
72%
quand
72%
femme
70%
genre
70%
soir
70%
te
70%
vois
70%
cette
69%
cher-là
67%
cher-lâ
67%
danser
67%
en
66%
qui
65%
bateau
62%
mène
62%
pareille,
61%
qu’elle
61%
savoir
61%
monde
60%
tête,
60%
tête
60%
tourner
60%
comme
59%
hommes
57%
55%
pouvaient
53%
ni
52%
bête
51%
bete
51%
difficile
50%
l’aimer
50%
pouvait
49%
facile,
48%
on
48%
peau
48%
l’ombre
47%
s’en
47%
d’ici,
46%
emparer
46%
gentleman
46%
ien-ch’,
46%
ton
46%
veut
46%
change
45%
dorée »
45%
demander,
44%
femmes
44%
haïssaient,
44%
donner
43%
préféré
43%
jalousaient
42%
n’avait
42%
aussitôt
41%
l’impressionner,
41%
était
40%
même
40%
cherchait
39%
fais-moi
39%
des
38%
c’est
37%
plus
37%
synonyme
37%
toutes
37%
j’suis
36%
magnifique,
36%
mes
36%
rends-moi
36%
puis
35%
toucher
35%
hypnotisés,
34%
pieds
34%
grand
32%
délinquant
31%
démarrait
31%
ses
31%
nos
30%
oui,
30%
rêves
29%
allez,
28%
caressait
28%
disciples
28%
nommée
28%
aime
26%
hanter
22%
feuilles
21%
vite
21%
ieds-p’,
20%
indécis,
20%
devenaient
19%
tremblants
17%
« Méfis-toi
12%
iesd-p’,
1%
Aucun quiz correspondant
Distribution des résultats
% des personnes avec chaque résultat
Percentile par nombre de réponses
Votre historique - résultats
Vous n’avez pas pris ce quiz depuis la dernière actualisation